Ngữ pháp kinh nghiệm của cú tiếng Việt : Mô tả theo quan điểm chức năng hệ thống /
Wedi'i Gadw mewn:
| Prif Awdur: | |
|---|---|
| Fformat: | Sách giấy |
| Iaith: | Vietnamese |
| Cyhoeddwyd: |
H. :
Khoa học Xã hội,
2005
|
| Rhifyn: | In lần thứ 2 |
| Pynciau: | |
| Tagiau: |
Ychwanegu Tag
Dim Tagiau, Byddwch y cyntaf i dagio'r cofnod hwn!
|
| Thư viện lưu trữ: | Thư viện Trường Đại học Đà Lạt |
|---|
| LEADER | 00821nam a2200301 4500 | ||
|---|---|---|---|
| 001 | DLU060053591 | ||
| 005 | ##20060531 | ||
| 040 | # | # | |a DLU |b vie |
| 041 | # | # | |a vie |
| 044 | # | # | |a vn |
| 082 | # | # | |a 495.922 5 |b HO-V |
| 100 | # | # | |a Hoàng Văn Vân |
| 245 | # | # | |a Ngữ pháp kinh nghiệm của cú tiếng Việt : |b Mô tả theo quan điểm chức năng hệ thống / |c Hoàng Văn Vân |
| 250 | # | # | |a In lần thứ 2 |
| 260 | # | # | |a H. : |b Khoa học Xã hội, |c 2005 |
| 300 | # | # | |a 406 tr. ; |c 21 cm |
| 504 | # | # | |a Tài liệu tham khảo :tr.371 - 398 |
| 650 | # | # | |a Tiếng Việt |x Ngữ pháp. |
| 923 | # | # | |a 08/2006 |
| 992 | # | # | |a 41.000 |
| 994 | # | # | |a DLU |
| 900 | # | # | |a True |
| 911 | # | # | |a Đào Thị Thu Huyền |
| 925 | # | # | |a G |
| 926 | # | # | |a A |
| 927 | # | # | |a SH |
| 980 | # | # | |a Thư viện Trường Đại học Đà Lạt |